=LDR 00000nam 2200000 4500 =001 INLIS000000000036464 =005 20130612142241 =008 ***********************************Ind** =035 ##$$a0010-061300000036464 =041 ##$$a Ind =082 ##$$a 616.120 757 7 =090 ##$$a 616.120 757 7, Naz c =100 ##$$a Nazmah, Abu =245 ##$$a Cara praktis dan sistematis belajar membaca EKG, metode sederhana dan cepat bisa membaca EKG dengan baik tanpa harus kursus, Abu Nazmah =260 ##$$a 2010 $b Jakarta =300 ##$$a xi, 21 hlm, 21 cm =650 ##$$a Elektronica dalam kardiologi =850 ##$$a NBPNMAT =990 ##$$a 21400613/BPAP-NTB/20142014 =990 ##$$a 0001/BPAP-NTB/20142014